000 00385cam a22001211 4500
082 _a941
_bLUC
100 1 _aLucas, Charles Prestwood,
_949477
245 1 4 _aThe British empire;
_bsix lectures,
_cby Sir Charles P. Lucas.
260 _aLondon,
_bMacmillan and co., limited,
_c1915.
300 _a250 p.
_bincl. maps.
_c19 cm.
526 _a0
_b0
_c0
_d941_000000000000000_LUC
942 _2ddc
_cBK
999 _c552876
_d552876